000 00643nam a22002297a 4500
001 BD-DhSAU 5055
003 BD-DhSAU
005 20150411112724.0
008 150411b1990 enka|||| |||| 001 0 eng d
020 _a04714924873
040 _aBD-DhSAU
082 _222
_a551.572
_bCAE
100 _aCalder, Ian R.
245 _aEvaporation in the uplands /
_cIan R. Calder
260 _aEngland :
_bJohn Wiley & Sons ,
_cc1990.
300 _axvii, 148 p. :
_bill. ;
_c25 cm.
504 _aIncludes bibliographical references & index.
590 _aJerin
650 _aEvaporation (Meteorology)
650 _aRain & rainfall
650 _aUplands
942 _2ddc
_cBOOK
999 _c5055
_d5055